Computer Networking / (Record no. 176409)

000 -LEADER
fixed length control field 00925 a2200169 4500
003 - CONTROL NUMBER IDENTIFIER
control field Nust
005 - DATE AND TIME OF LATEST TRANSACTION
control field 20220802154708.0
020 ## - INTERNATIONAL STANDARD BOOK NUMBER
International Standard Book Number 8176486876
040 ## - CATALOGING SOURCE
Transcribing agency Nust
082 ## - DEWEY DECIMAL CLASSIFICATION NUMBER
Classification number 004.6,PAN
100 ## - MAIN ENTRY--PERSONAL NAME
Personal name Pankaj,S
9 (RLIN) 96324
245 ## - TITLE STATEMENT
Title Computer Networking /
Statement of responsibility, etc. S.Pankaj
260 ## - PUBLICATION, DISTRIBUTION, ETC.
Place of publication, distribution, etc. New Delhi
Name of publisher, distributor, etc. APH publishing
Date of publication, distribution, etc. 2004
300 ## - PHYSICAL DESCRIPTION
Extent 566 p.:
505 ## - FORMATTED CONTENTS NOTE
Formatted contents note The Open Systems Interconnection (Page-1), Transmission Control Protocol (Page-15), Address Allocation for Private Internets (Page-67), IP Subnetting Requirements for Internet Hosts Communications Layers (Page-73), Routing Information Protocol (Page-127), RIP-2 MD5 Authentication (Page-151), The PPP Internet Protocol (Page-185), IP Authentication Header (Page-243), Domain Name Concepts and Facilities (Page-261), Hypertext Transfer Protocol (Page-339), DHCP Options and BOOTP Vendor Extensions (Page-385), IP Forwarding Table MIB (Page-463),
942 ## - ADDED ENTRY ELEMENTS (KOHA)
Source of classification or shelving scheme
Koha item type Book
Call number prefix 004.6,PAN
Holdings
Withdrawn status Lost status Source of classification or shelving scheme Damaged status Not for loan Permanent Location Current Location Shelving location Date acquired Full call number Barcode Date last seen Price effective from Koha item type Public note
          Military College of Signals (MCS) Military College of Signals (MCS) General Stacks 12/12/2016 004.6,PAN MCS30730 12/08/2016 12/12/2016 Book Almirah No.8, Shelf No.2
© 2023 Central Library, National University of Sciences and Technology. All Rights Reserved.